Introduction to linear algebra / (Record no. 761)

MARC details
000 -LEADER
fixed length control field 00499nam a22001937a 4500
005 - DATE AND TIME OF LATEST TRANSACTION
control field 20250420134824.0
008 - FIXED-LENGTH DATA ELEMENTS--GENERAL INFORMATION
fixed length control field 211115b ||||| |||| 00| 0 eng d
020 ## - INTERNATIONAL STANDARD BOOK NUMBER
International Standard Book Number 9781733146654
040 ## - CATALOGING SOURCE
Transcribing agency KCST
082 ## - DEWEY DECIMAL CLASSIFICATION NUMBER
Classification number 512.5
Item number St In
100 ## - MAIN ENTRY--PERSONAL NAME
Personal name Strang, Gilbert
9 (RLIN) 360
245 ## - TITLE STATEMENT
Title Introduction to linear algebra /
Statement of responsibility, etc. Gilbert Strang
250 ## - EDITION STATEMENT
Edition statement 5
260 ## - PUBLICATION, DISTRIBUTION, ETC.
Place of publication, distribution, etc. Wellesley, MA:
Name of publisher, distributor, etc. Wellesleu-Cambridge Press;
Date of publication, distribution, etc. 2016.
300 ## - PHYSICAL DESCRIPTION
Extent 573 p.
650 ## - SUBJECT ADDED ENTRY--TOPICAL TERM
Topical term or geographic name entry element Linear Algebra.
9 (RLIN) 5550
942 ## - ADDED ENTRY ELEMENTS (KOHA)
Koha item type Book
942 ## - ADDED ENTRY ELEMENTS (KOHA)
Source of classification or shelving scheme Dewey Decimal Classification
Holdings
Withdrawn status Lost status Source of classification or shelving scheme Damaged status Not for loan Home library Current library Date acquired Cost, normal purchase price Total checkouts Full call number Barcode Date last seen Cost, replacement price Price effective from Koha item type
    Dewey Decimal Classification     KCST Library KCST Library 15/11/2021 22.50   512.5 St In 1000000990 15/11/2021 22.50 15/11/2021 Book
© 2025 KCST. All rights reserved